| 000 | 00924nam a2200289 i 4500 | ||
|---|---|---|---|
| 001 | bg | ||
| 100 | 1 | _aMĄDRZAK, Henryk | |
| 245 | 1 | 0 |
_aPostępowanie cywilne / _cHenryk Mądrzak, Dariusz Krupa, Elwira Marszałkowska-Krześ ; pod. red. _nH. Mądrzaka. |
| 260 |
_aWarszawa : _bC. H. Beck, _c1997. |
||
| 300 |
_aXXXII, 373 s. ; _c21 cm. |
||
| 490 | 1 | _aPodręczniki Prawnicze | |
| 504 | _aBibliogr. s. XXXI-XXXII i przy rozdz. - Indeks. | ||
| 650 | 9 |
_aPostępowanie cywilne _zPolska _ystan na 1997 r. |
|
| 655 | _aPodręczniki akademickie | ||
| 700 | 1 | _aKRUPA, Dariusz | |
| 700 | 1 | _aMARSZAŁKOWSKA-KRZEŚ, Elwira | |
| 830 | _aPodręczniki Prawnicze | ||
| 020 | _a837110071X | ||
| 020 | _a340641706X (Niemcy) | ||
| 040 | _cBPK | ||
| 041 | 0 | _apl | |
| 080 | _a347.91/.95(438)(075.8) | ||
| 920 | _a83-7110-071-X | ||
| 920 | _a3-406-41706-X (Niemcy) | ||
| 942 | _cKS | ||
| 008 | s pl f |000 0 pol | ||
| 999 |
_c32968 _d32968 |
||
| 856 |
_uhttp://koha.tu.koszalin.pl/cgi-bin/koha/opac-detail.pl?biblionumber=32968 _yKatalog online BPK |
||